CCE Manual Science-IX (Record no. 2453)

MARC details
000 -LEADER
fixed length control field 00235nam a22000857a 4500
008 - FIXED-LENGTH DATA ELEMENTS--GENERAL INFORMATION
fixed length control field 160715b xxu||||| |||| 00| 0 eng d
100 ## - MAIN ENTRY--PERSONAL NAME
9 (RLIN) 2881
Personal name Verma R
245 ## - TITLE STATEMENT
Title CCE Manual Science-IX
Remainder of title Term-I
260 ## - PUBLICATION, DISTRIBUTION, ETC. (IMPRINT)
Place of publication, distribution, etc. New Delhi
Name of publisher, distributor, etc. S.Chand Publication
Date of publication, distribution, etc. 2011
Holdings
Withdrawn status Lost status Source of classification or shelving scheme Damaged status Not for loan Home library Current library Shelving location Date acquired Total Checkouts Total Renewals Full call number Barcode Date last seen Date last checked out Price effective from Koha item type
    Dewey Decimal Classification     Good Samaritan School Library Good Samaritan School Library   07/15/2016 16 3 500 VER9418 03/06/2024 02/01/2024 07/15/2016 BOOK

Powered by Koha